Never Be Alone - Shawn Mendes (All Lyrics) - Statistics

General Stats
  • This quiz has been taken 479 times
  • The average score is 194 of 218
Answer Stats
Never Be Alone % Correct
a
100%
be
100%
you
100%
alone
99%
never
99%
Verse 1 I
98%
we
98%
And
97%
and
97%
So
97%
when
96%
When
96%
your
95%
are
94%
it
93%
my
93%
of
93%
you'll
93%
Bridge | Verse 2 You'll
93%
heart
92%
the
92%
to
92%
Chorus Take
91%
take
91%
know
90%
that
90%
apart
89%
piece
89%
make
88%
me
87%
all
86%
own
85%
about
84%
now
84%
some
84%
but
83%
I'll
83%
just
83%
need
83%
talk
83%
there
83%
eyes
81%
Pre-Chorus Hey
81%
stars
81%
things
81%
can't
79%
close
79%
one
79%
day
78%
keep
78%
same
78%
promise
77%
safe
77%
sound
77%
miss
76%
stay
76%
don't
75%
it's
75%
around
74%
let
74%
remember
74%
under
74%
crazy
73%
how
73%
little
73%
lay
72%
down
71%
for
71%
longer
71%
Right
71%
hold
70%
gone
67%
pretty
67%
slow
67%
stop
67%
tonight
67%
far
66%
fall
65%
asleep
63%
may
62%
or
58%
will
56%
No matching quizzes found
Score Distribution
Percent of People with Each Score
Percentile by Number Answered
Your Score History
You have not taken this quiz